01875nam a2200457 i 450000100060000000300080000600500170001400600190003100700150005000800410006502000270010603500230013303500240015603500250018003500210020504000310022605000220025708000080027908200120028710000400029924501460033926400780048530000410056333600310060433700330063533800430066849000520071150000230076350400290078658801250081559001590094065000230109965000270112265000420114965000480119165500270123979700190126683000530128585600620133899900170140084926FlNmELB20241217171341.0m o d | cr cnu||||||||170321s2007 sp ob 001 0 spa d a9788498876925 (e-book) a(MiAaPQ)EBC4795269 a(Au-PeEL)EBL4795269 a(CaPaEBR)ebr11335850 a(OCoLC)992047066 aFINmELBbspaerdacFINmELB 4aKZ3410bM624 2007 a3410 a3412231 aMichinel Álvarez, Miguel Ángel.13aLa OPA transfronteriza :bdeterminación y ámbito de la ley aplicable en el marco de control europeo /cMiguel Ángel Michinel Álvarez. 1aSantiago de Compostela :bUniversidade de Santiago de Compostela,c[2007] a1 recurso en línea (150 páginas) atextobtxt2rdacontent/spa acomputadorabc2rdamedia/spa arecurso en líneabcr2rdacarrier/spa1 aEstudios de Derecho Internacional Privado ;v11 aContiene índice. aContiene bibliografía. aDescripción basada en recurso en línea; Título de la página del título en PDF (e-libro, visto March 21, 2017). aRecurso electronico. Santa Fe, Arg. : e-libro, 2016. Disponible via World Wide Web. El acceso puede ser limitado para las bibliotecas afiliadas a e-libro. 0aInternational law. 4aDerecho internacional. 0aStock exchangesxLaw and legislation. 4aBolsas de valoresxDerecho y legislación. 4aLibros electrónicos.2 ae-libro, Corp. 0aEstudios de Derecho Internacional Privado ;v11.40uhttps://elibro.net/ereader/politecnicointernacional/61525 c84926d84926